| 000 | 00390nam a22001217a 4500 | ||
|---|---|---|---|
| 082 |
_a315.49105 _bPAK |
||
| 245 | _aPakistan Statistical Pocket Book 2012 / | ||
| 260 |
_aIslamabad : _bPakistan Bureau of Statistics, _c2012. |
||
| 300 |
_a286p. ; _c16 cm. |
||
| 700 |
_aby Government of Pakistan Statistics Division _990215 |
||
| 942 |
_2ddc _cBK |
||
| 999 |
_c588572 _d588572 |
||